Datum a čas kvízu
40
Celkem bodů
Celkový počet nahraných bodů na tomto kvízu bez doplňovacích otázek.
5.
Pořadí na kvízu
Konečné umístění týmu na tomto kvízu.
Zaznamenané odpovědi
| # | Otázka | Odpověď | Body | Výsledky |
|---|---|---|---|---|
| 1. | Minulý týden byl překonán reko... | Tomio Okamura | 1 | |
| 2. | V pondělí byla plnohodnotně sp... | Ruwiki | 1 | |
| 3. | Ve čtvrtek mělo v českých kine... | Aristokratka ve varu, Evžen Boček | 1 | |
| 4. | Jistá kurýrní společnost působ... | DPD | 1 | |
| 5. | Jak se jmenuje 19letá česká te... | Linda Nosková | 1 | |
| 6. | Podíváme se do historie na výp... | křížová výprava | 1 | |
| 7. | Zajímavé byly osudy Přemyslovn... | Dagmar, Dánsko | 0 | |
| 8. | Jednou z možností, jak se dost... | Jiří z Poděbrad | 0 | |
| 9. | Země Františka Josefa byla obj... | Rusku | 1 | |
| 10. | Období husitství představovalo... | D | 1 |